Normal view
MARC view
Entry Topical Term
001 - CONTROL NUMBER
- control field: 29848
003 - CONTROL NUMBER IDENTIFIER
- control field: OSt
005 - DATE AND TIME OF LATEST TRANSACTION
- control field: 20260617152900.0
008 - FIXED-LENGTH DATA ELEMENTS
- fixed length control field: 260617|| aca||aabn | a|a d
040 ## - CATALOGING SOURCE
- Original cataloging agency: OSt
- Transcribing agency: OSt
150 ## - HEADING--TOPICAL TERM
- Topical term or geographic name entry element: Teacher certification united states
670 ## - SOURCE DATA FOUND
- Source citation: Work cat.: (OSt)24612: Hunzicker Jana Lynn 29847, The leverage of national board candidacy, 2006
